Nada se opone a la noche /

"Después de encontrar a su madre muerta en misteriosas circunstancias, Delphine se convierte en una sagaz detective dispuesta a reconstruir la vida de la desaparecida, utilizando fotografías, documentos y testimonios obtenidos de la crónica familiar."

Guardado en:
Autor Principal: Vigan, Delphine de, 1966-
Otros Autores: Durán, Juan Carlos, (traductor.)
Formato: Libro
Idioma:Undetermined
Publicado: Barcelona : Anagrama, 2022.
Edición:12a ed.
Series:Colección Compactos ; 633
Materias:
Etiquetas: Agregar Etiqueta
Sin Etiquetas, Sea el primero en etiquetar este registro!
LEADER 00948nam a22002415a 4500
001 EEO.eeo003851
008 251203s2022####sp############000#0#und#d
005 20251211132546.0
245 1 0 |a Nada se opone a la noche /  |c Delphine de Vigan. 
250 |a 12a ed. 
260 |a Barcelona :  |b Anagrama,  |c 2022. 
300 |a 374 p. ;  |c 20,5 cm. 
490 1 |a Colección Compactos ;  |v 633 
520 |a "Después de encontrar a su madre muerta en misteriosas circunstancias, Delphine se convierte en una sagaz detective dispuesta a reconstruir la vida de la desaparecida, utilizando fotografías, documentos y testimonios obtenidos de la crónica familiar." 
020 |a 9788433977366 
100 1 |a Vigan, Delphine de,  |d 1966- 
700 1 |a Durán, Juan Carlos,  |e traductor. 
082 0 4 |a 843  |2 20 
650 7 |a Familia.  |2 unbist 
653 |a Lectura Recreativa 
653 |a Secretos 
655 7 |a Novela. 
859 |a AR-BaUEB  |b BIB. ECONOMIA - General  |h 843  |i V68  |p e15566